| 000 | 00675nam a22002177a 4500 | ||
|---|---|---|---|
| 003 | UA-OsUOA | ||
| 001 | 67556 | ||
| 007 | ta | ||
| 008 | 20100303b un ||||| |||| 00| 0 ukr d | ||
| 090 |
_a347.97/99 _bК63 |
||
| 942 | _cBK | ||
| 040 |
_aUA-OsUOA _brus _cUA-OsUOA _dUA-OsUOA |
||
| 245 |
_aКомментарий судебной практики за 1986 год _cБолдырева Е. В., Пергамент А. И. |
||
| 300 | _a176 с. | ||
| 955 | _a2 | ||
| 041 | _arus | ||
| 080 | _a347.97/99 | ||
| 260 |
_aМ. _bЮридическая литература _c1988 |
||
| 650 | 7 |
_a347 Цивільне право. Судовий устрій _2UDC |
|
| 999 |
_c353474 _d353474 |
||